<?xml version="1.0" encoding="UTF-8"?>
<record
    xmlns:xsi="http://www.w3.org/2001/XMLSchema-instance"
    xsi:schemaLocation="http://www.loc.gov/MARC21/slim http://www.loc.gov/standards/marcxml/schema/MARC21slim.xsd"
    xmlns="http://www.loc.gov/MARC21/slim">

  <leader>02067nam a22002897a 4500</leader>
  <controlfield tag="003">AR-RoUNCS</controlfield>
  <controlfield tag="005">20251120101956.0</controlfield>
  <controlfield tag="008">251120t2025    ag oad||r|||| 00| 0 spa d</controlfield>
  <datafield tag="020" ind1=" " ind2=" ">
    <subfield code="a">978-631-6603-67-8</subfield>
  </datafield>
  <datafield tag="040" ind1=" " ind2=" ">
    <subfield code="a">AR-RoUNCS</subfield>
    <subfield code="c">AR-RoUNCS</subfield>
  </datafield>
  <datafield tag="080" ind1=" " ind2=" ">
    <subfield code="0">613.88:364.63</subfield>
  </datafield>
  <datafield tag="100" ind1="1" ind2=" ">
    <subfield code="a">Maltz, Liliana,</subfield>
    <subfield code="e">autor</subfield>
  </datafield>
  <datafield tag="245" ind1="1" ind2="0">
    <subfield code="a">Conversaciones con la ESI :</subfield>
    <subfield code="b">entre desencuentros y entramados de ternura : cartas, di&#xE1;logos y reflexiones acerca de convivir en las escuelas /</subfield>
    <subfield code="c">Liliana Maltz.</subfield>
  </datafield>
  <datafield tag="250" ind1=" " ind2=" ">
    <subfield code="a">1a ed.</subfield>
  </datafield>
  <datafield tag="260" ind1=" " ind2=" ">
    <subfield code="a">Ciudad Aut&#xF3;noma de Buenos Aires :</subfield>
    <subfield code="b">Ediciones Novedades Educativas,</subfield>
    <subfield code="c">2025.</subfield>
  </datafield>
  <datafield tag="300" ind1=" " ind2=" ">
    <subfield code="a">256 p. :</subfield>
    <subfield code="b">fot byn ;</subfield>
    <subfield code="c">28 cm.</subfield>
  </datafield>
  <datafield tag="504" ind1=" " ind2=" ">
    <subfield code="a">Bibliograf&#xED;a, p&#xE1;gina 245.</subfield>
  </datafield>
  <datafield tag="505" ind1="2" ind2=" ">
    <subfield code="a">Cap&#xED;tulo 1: &#xBF;C&#xF3;mo queremos vivir y con-vivir? -- Cap&#xED;tulo 2: Cuando la ESI se hace presente en cada gesto cotidiano -- Cap&#xED;tulo 3: ESI y educci&#xF3;n emocional &#xBF;Gestionar emociones desde la educaci&#xF3;n emocional o tejer tramas desde la ESI? -- Cap&#xED;tulo 4: La ESI como contra-pedagog&#xED;a de la crueldad -- Cap&#xED;tulo 5: Encuentros y desencuentros entre las familias, escuelas y la ESI -- Cap&#xED;tulo 6: ESI y la relaci&#xF3;n con las familias -- Cap&#xED;tulo 7: De nuestros todav&#xED;a y nuestros logros.</subfield>
  </datafield>
  <datafield tag="520" ind1="3" ind2=" ">
    <subfield code="a">La Educaci&#xF3;n Sexual Integral (ESI) conforma una excelente dupla con la ternura, constituy&#xE9;ndose as&#xED; como una herramienta central para vivir y convivir en las instituciones educativas. Ayuda a resolver desacuerdos ante las diferencias y en los conflictos de convivencia, alojando las emociones sin enfrascarlas y acerca a las familias cuando la desconfianza y las denuncias toman escena. En este libro se comparten propuestas y experiencias innovadoras que arman lazos entre docentes y familias y al mismo tiempo, resguardan a los docentes cuando sufren acusaciones injustas e inveros&#xED;miles. (Nota del Editor)</subfield>
  </datafield>
  <datafield tag="650" ind1=" " ind2="4">
    <subfield code="a">EDUCACI&#xD3;N SEXUAL</subfield>
  </datafield>
  <datafield tag="650" ind1=" " ind2="4">
    <subfield code="a">NI&#xD1;OS</subfield>
    <subfield code="z">ARGENTINA</subfield>
    <subfield code="x">DERECHOS </subfield>
  </datafield>
  <datafield tag="650" ind1=" " ind2="4">
    <subfield code="a">ADOLESCENTES</subfield>
    <subfield code="z">ARGENTINA</subfield>
    <subfield code="x">DERECHOS</subfield>
  </datafield>
  <datafield tag="650" ind1=" " ind2="4">
    <subfield code="a">ABUSO INFANTIL</subfield>
  </datafield>
  <datafield tag="650" ind1=" " ind2="4">
    <subfield code="a">ESCUELAS </subfield>
    <subfield code="z">POLITICAS EDUCATIVAS</subfield>
  </datafield>
  <datafield tag="653" ind1=" " ind2=" ">
    <subfield code="a">ESI</subfield>
  </datafield>
  <datafield tag="942" ind1=" " ind2=" ">
    <subfield code="2">udc</subfield>
    <subfield code="c">LPD</subfield>
    <subfield code="n">0</subfield>
  </datafield>
  <datafield tag="999" ind1=" " ind2=" ">
    <subfield code="c">780</subfield>
    <subfield code="d">780</subfield>
  </datafield>
  <datafield tag="952" ind1=" " ind2=" ">
    <subfield code="0">0</subfield>
    <subfield code="1">0</subfield>
    <subfield code="2">udc</subfield>
    <subfield code="4">0</subfield>
    <subfield code="7">0</subfield>
    <subfield code="8">CG</subfield>
    <subfield code="a">ESOCIALES</subfield>
    <subfield code="b">ESOCIALES</subfield>
    <subfield code="d">2025-11-20</subfield>
    <subfield code="l">1</subfield>
    <subfield code="o">613.88:364.63 M261</subfield>
    <subfield code="p">001490</subfield>
    <subfield code="r">2026-05-20 12:40:31</subfield>
    <subfield code="s">2025-12-03</subfield>
    <subfield code="w">2025-11-20</subfield>
    <subfield code="y">LPD</subfield>
  </datafield>
</record>
